| 000 | 00000nas 2200000za 4500 |
| 001 | 9.862716 |
| 003 | CaOODSP |
| 005 | 20221107161106 |
| 007 | cr ||||||||||| |
| 008 | 181003d19561961oncar p oss f000#a0eng|d |
| 022 | # |y0410-5273 |
| 040 | |aCaOODSP|beng |
| 041 | |aeng|afre |
| 043 | |an-cn--- |
| 086 | 1 |aCS81-204-PDF |
| 130 | 0 |aFall enrolment in universities and colleges (1956) |
| 245 | 00|aFall enrolment in universities and colleges |h[electronic resource] = |bInscriptions d'automne aux universités et collèges. |
| 246 | 13|aInscriptions d'automne aux universités et collèges. |
| 260 | |a[Ottawa] : |bDominion Bureau of Statistics, Higher Education Section = Bureau fédéral de la statistique, Section de l'enseignement supérieur, |c1957-1962 |
| 300 | |a6 v. |
| 310 | |aAnnual |
| 362 | 0 |a1956-1961. |
| 490 | 0 |aMemorandum = Mémoire |
| 500 | |aDigitized edition from print [produced by Statistics Canada]. |
| 546 | |aText in English and French. |
| 580 | |aContinues: University and college enrolment = Inscriptions dans les universités et collèges. |
| 580 | |aMerged with a part of, Survey of higher education; to become: Survey of higher education. Part I. Fall enrolment in universities and colleges. |
| 692 | 07|2gccst|aPostsecondary education |
| 710 | 1 |aCanada. |bDominion Bureau of Statistics. |
| 710 | 1 |aCanada.|bDominion Bureau of Statistics.|bHigher Education Section. |
| 780 | 00|tUniversity and college enrolment |w(CaOODSP)9.862712 |
| 785 | 00|tSurvey of higher education. |w(CaOODSP)9.812049 |
| 792 | |tFall enrolment in universities and colleges |efre|w(CaOODSP)9.862721 |